000 00430nam a2200145Ia 4500
008 100204s9999 xx 000 0 und d
082 _b6454
100 _aलागू चिंतामणी
245 _aरक्तदोष
260 _b"उदयदीप प्रकाशन , मुंबई"
_c1984
300 _a185
630 _aरक्तदोष
730 _aरक्तदोष
942 _cBOOK
999 _c450893
_d450890